000 00687nam a2200229 i 4500
001 C2-0227580
003 PPAK
005 20180728154959.0
008 000725s1980 io a|||| ||||| | may d
040 _aPPAK
_beng
_cPPAK
_erda
082 0 4 _a306.089922
_223
090 0 0 _a306.089922
_bSIS
_dKIH
245 0 0 _aSistim Gotong Royong Dalam Masyarakat Desa
_bDaerah Kalimantan Timur
264 1 _aIndonesia :
_bDepartmen Pendidikan dan Kebudayaan ,
_c1980
300 _a91 pages :
_billustrations ;
_c23 cm
336 _2rdacontent
_atext
337 _2rdamedia
_aunmediated
338 _2rdacarrier
_avolume
650 1 0 _aKebudayaan
700 0 _aRifai Abu,
_eeditor
942 _ddc
_cB
999 _c147646
_d147646